|
|
|
|
| LEADER |
00000nas a22000001a 4500 |
| 001 |
vtls010302058 |
| 003 |
SK-MaSNL |
| 005 |
20260228162826.0 |
| 008 |
110810d19591959xo x p r 0 b0slo |
| 015 |
|
|
|a SNBDS17XX9999
|
| 015 |
|
|
|a 1268
|2 Balúnová 1945-60
|
| 038 |
|
|
|a SNKBUDS
|
| 040 |
|
|
|a SNK
|b slo
|c SNK
|e AACR2
|
| 041 |
0 |
|
|a slo
|
| 044 |
|
|
|a xo
|c SK
|
| 080 |
|
|
|a 017.092
|2 2001
|
| 080 |
|
|
|a 027.7
|2 2001
|
| 245 |
0 |
0 |
|a Prírastky Ústrednej knižnice Filozofickej fakulty UK v Bratislave
|
| 260 |
|
|
|a Bratislava
|b Ústredná knižnica Filozofickej fakulty UK v Bratislave
|c 1959
|
| 300 |
|
|
|a 1 roč.
|c 30 x 20 cm
|
| 310 |
|
|
|a Periodicita sa nedá určiť
|
| 362 |
0 |
|
|a Roč. I, č. 1 (1959)-č. 6 (1959)
|
| 500 |
|
|
|a Vych. v Bratislave nepravidelne
|
| 500 |
|
|
|a Red. sa neuvádza
|
| 500 |
|
|
|a Vyd. Ústredná knižnica Filozofickej fakulty UK v Bratislave
|
| 500 |
|
|
|a Tlač. rozmnož. cyklostylom
|
| 500 |
|
|
|a Zachovalo sa iba číslo 6 z r. 1959
|
| 505 |
8 |
0 |
|g Roč. I. 1959 6 č. 12-23 s.
|
| 610 |
2 |
7 |
|a Univerzita Komenského v Bratislave.
|b Filozofická fakulta.
|b Ústredná knižnica
|9 179468
|
| 650 |
0 |
7 |
|a univerzitné knižnice
|2 SNKPH
|9 69928
|
| 650 |
0 |
7 |
|a odborná literatúra
|2 SNKPH
|9 63941
|
| 650 |
0 |
7 |
|a spoločenské vedy
|2 SNKPH
|9 70105
|
| 655 |
|
7 |
|a informačné časopisy
|2 SNKBUDS
|9 267527
|
| 710 |
2 |
|
|a Univerzita Komenského v Bratislave.
|b Filozofická fakulta.
|b Ústredná knižnica
|9 179468
|
| 852 |
|
|
|a SNK
|b 10000
|h ČSB 1332
|
| 852 |
|
|
|a SVKKK
|b 900000
|h C1819
|
| 999 |
|
|
|c 8400
|d 10330
|